| 000 | 00462nam a2200181Ia 4500 | ||
|---|---|---|---|
| 008 | 230524s9999 xx 000 0 und d | ||
| 020 | _a9781260570021 | ||
| 082 |
_a579 _bWIL |
||
| 100 |
_aJoanne Willey _945094 |
||
| 245 | 0 | _aPrescott's Microbiology | |
| 250 | _a11 | ||
| 260 |
_aNew Delhi _bMGH |
||
| 300 | _a"xxiii,976p;" | ||
| 500 | _aQuantity Number: 1 | ||
| 650 |
_aBiotechnology _945095 |
||
| 700 |
_aKathleen Sandman [etal...] _945096 |
||
| 942 | _cBK | ||
| 999 |
_c60666 _d60666 |
||